|
|
|
|
| LEADER |
00000nam0a2200000 4500 |
| 001 |
368828 |
| 005 |
20231102012124.0 |
| 035 |
|
|
|a (RuTPU)RU\TPU\retro\26210
|
| 090 |
|
|
|a 368828
|
| 100 |
|
|
|a 20220420d1979 k y0rusy50 ca
|
| 101 |
0 |
|
|a rus
|
| 102 |
|
|
|a RU
|
| 105 |
|
|
|a a z 001zy
|
| 200 |
1 |
|
|a Методика и результаты геотермических исследований
|e сборник научных трудов
|
| 210 |
|
|
|a Новосибирск
|c Изд-во Ин-та геологии и геофизики СО АН СССР
|d 1979
|
| 215 |
|
|
|a 88 с.
|c ил.
|
| 320 |
|
|
|a Библиогр. в конце ст.
|
| 606 |
1 |
|
|a Геотермическая разведка
|2 stltpush
|3 (RuTPU)RU\TPU\subj\6237
|9 34169
|
| 610 |
1 |
|
|a геотермические исследования
|
| 610 |
1 |
|
|a методика
|
| 610 |
1 |
|
|a результаты
|
| 610 |
1 |
|
|a Сибирь
|
| 610 |
1 |
|
|a температура
|
| 610 |
1 |
|
|a измерение
|
| 610 |
1 |
|
|a геотермический градиент
|
| 610 |
1 |
|
|a донные отложения
|
| 610 |
1 |
|
|a горные породы
|
| 610 |
1 |
|
|a тепловые свойства
|
| 610 |
1 |
|
|a теплоперенос
|
| 675 |
|
|
|a 550.836
|v 4
|
| 702 |
|
1 |
|a Ладынин
|b А. В.
|4 340
|
| 712 |
0 |
2 |
|a Академия наук СССР
|b Сибирское отделение
|b Институт геологии и геофизики
|c (Новосибирск)
|c (1957-1990)
|2 stltpush
|3 (RuTPU)RU\TPU\col\128
|9 23211
|
| 801 |
|
1 |
|a RU
|b 63413507
|c 20220420
|
| 942 |
|
|
|c BK
|